[Event "Schneider Bohemia op-C"]
[Site "Plzen"]
[Date "2001.??.??"]
[Round "2.4"]
[White "Fikr, Lukas"]
[Black "Sochman, Petr"]
[Result "1/2-1/2"]
[WhiteElo "1814"]
[BlackElo "1759"]
[PlyCount "122"]
[EventDate "2001.08.??"]
[EventType "swiss"]
[EventRounds "9"]
[EventCountry "CZE"]
[SourceTitle "EXT 2002"]
[Source "ChessBase"]
[SourceDate "2001.11.25"]
[SourceVersion "1"]
[SourceVersionDate "2001.11.25"]
[SourceQuality "1"]

1. Nf3 Nf6 2. c4 g6 3. Nc3 Bg7 4. g3 0-0 5. Bg2 d6 6. 0-0 Nbd7 7. Rb1 a5 8. a3 Nc5 9. b4 axb4 10. axb4 Nce4 11. Bb2 Nxc3 12. Bxc3 c6 13. Qb3 Bd7 14. d3 Qc7 15. Ra1 Rfb8 16. Ra3 Qc8 17. Rfa1 Ne8 18. e3 Nc7 19. Nd4 Rxa3 20. Rxa3 Ra8 21. Ne2 Rxa3 22. Qxa3 Qa8 23. Qxa8+ Nxa8 24. Kf1 Bf5 25. Bxg7 Kxg7 26. Nc1 Nc7 27. Ke2 Kf8 28. Nb3 Na6 29. b5 cxb5 30. cxb5 Nc7 31. Nd4 Bd7 32. b6 Na8 33. Bxb7 Nxb6 34. Nc2 Na4 35. d4 e6 36. Nb4 Ke7 37. Kd2 Kd8 38. Na6 Bb5 39. Nb4 Kc7 40. Bg2 Nb6 41. Kc3 h6 42. Nc2 Bc6 43. e4 f5 44. f3 Nd7 45. Nb4 Nf6 46. Nxc6 Kxc6 47. Kd3 Kb5 48. Bf1 fxe4+ 49. fxe4 Kb4 50. Bh3 e5 51. Be6 g5 52. Bf5 Kb3 53. Be6+ Kb4 54. Bf5 Kb3 55. Bc8 Kb4 56. Be6 Ka3 57. Bf5 Kb3 58. g4 Kb4 59. Be6 Kb5 60. h3 Kb4 61. Bc8 Kb3 1/2-1/2

[Event "Schneider Bohemia op-C"]
[Site "Plzen"]
[Date "2001.??.??"]
[Round "7.3"]
[White "Lener, Jaroslav"]
[Black "Sochman, Petr"]
[Result "0-1"]
[WhiteElo "1864"]
[BlackElo "1759"]
[PlyCount "102"]
[EventDate "2001.08.??"]
[EventType "swiss"]
[EventRounds "9"]
[EventCountry "CZE"]
[SourceTitle "EXT 2002"]
[Source "ChessBase"]
[SourceDate "2001.11.25"]
[SourceVersion "1"]
[SourceVersionDate "2001.11.25"]
[SourceQuality "1"]

1. Nf3 Nf6 2. d4 c5 3. c3 cxd4 4. cxd4 g6 5. Nc3 Bg7 6. g3 d6 7. Bg2 0-0 8. 0-0 e6 9. Nd2 Nc6 10. Nb3 a6 11. Bg5 Bd7 12. d5 exd5 13. Nxd5 Re8 14. e3 Re5 15. Nxf6+ Bxf6 16. Bxf6 Qxf6 17. Nd2 d5 18. Nb3 Qd6 19. Rc1 Rd8 20. Nc5 Bc8 21. Nb3 h5 22. Nd4 h4 23. Nxc6 bxc6 24. Qa4 h3 25. Bh1 Bb7 26. Rfd1 Qf6 27. Rd2 Qe7 28. Qd4 Rc8 29. b4 Re8 30. a3 Rc8 31. Rdc2 Ba8 32. Qg4 Qe6 33. Qd4 Rb8 34. Qa7 Qc8 35. e4 dxe4 36. Rd2 Bb7 37. Rcd1 Re7 38. Qb6 Qe6 39. Rd8+ Rxd8 40. Rxd8+ Kh7 41. Qd4 Qe5 42. Qd1 Qb2 43. Bxe4 Rxe4 44. Rd7 Qe5 45. Kf1 Qb5+ 46. Kg1 a5 47. Rxf7+ Kg8 48. Rc7 Qe2 49. Qxe2 Rxe2 50. f4 axb4 51. axb4 Rg2+ 0-1